A way to Cyberthon/ (Record no. 188991)

MARC details
000 -LEADER
fixed length control field 00551nam a2200181 4500
005 - DATE AND TIME OF LATEST TRANSACTION
control field 20220609110358.0
010 ## - LCCN (DPL NO)
LC control number ENG-133169
020 ## - INTERNATIONAL STANDARD BOOK NUMBER
International Standard Book Number 9789389146202
Terms of availability 320.00
035 ## - SYSTEM CONTROL NUMBER
System control number EN-116701
037 ## - SOURCE OF ACQUISITION
Source of stock number/acquisition DBAD/PUB
082 ## - DEWEY DECIMAL CLASSIFICATION NUMBER
Classification number 343.54099
100 ## - MAIN ENTRY--PERSONAL NAME
Personal name Shitharh, S.
245 ## - TITLE STATEMENT
Title A way to Cyberthon/
Statement of responsibility, etc S. Shitharth [et.al...]
260 ## - PUBLICATION, DISTRIBUTION, ETC. (IMPRINT)
Place of publication, distribution, etc Tamil Nadu
Name of publisher, distributor, etc Shanlax Publications
Date of publication, distribution, etc 2019
270 ## - ADDRESS
Address 61, 66 T.P.K. Main Road Vasantha Nagar, Madurai
City Tamil Nadu
Postal code 625003
300 ## - PHYSICAL DESCRIPTION
Extent 249p.
Dimensions 22cm(pbk)
942 ## - ADDED ENTRY ELEMENTS (KOHA)
Source of classification or shelving scheme Dewey Decimal Classification
Item type English Books
Classification part 343.54099
Call number suffix SHI
Holdings
Withdrawn status Lost status Not for loan Collection code Home library Current library Date acquired Source of acquisition Cost, normal purchase price Full call number Barcode Copy number Cost, replacement price Koha item type
      Non-fiction Bawana Bawana 09/06/2022 DBAD/PUB 320.00 343.54099 SHI EN-116701 1 320.00 English Books

© Delhi Public Library
Hit Counter
free hit counter